Liukuvia valtioiden lippuja - Statistics

Yleistilastot
  • Tätä visaa on pelattu 638 kertaa
  • Keskiarvotulos 7 / 12
Vastaustilastot
Vastaus % Oikein
Intia
99%
Laos
77%
Andorra
73%
Honduras
70%
Kiribati
63%
Lesotho
58%
Tadžikistan
58%
Keski-Afrikan tasavalta
57%
Eritrea
52%
Saint Vincent ja Grenadiinit
52%
Ruanda
45%
Päiväntasaajan Guinea
42%
Ehtoja vastaavia visoja ei löytynyt
Tulosjakauma
Jokaisen tuloksen saaneiden osuus
Persentiili vastausten määrän mukaan
Tuloshistoriasi
Et ole pelannut tätä visaa